|
|
|
|
| LEADER |
00000cam a2200000 c 4500 |
| 001 |
1567316727 |
| 003 |
DE-627 |
| 005 |
20220227123653.0 |
| 007 |
tu |
| 008 |
180118s2017 ne ||||| 00| ||dut c |
| 020 |
|
|
|a 9789012401265
|c Broschur
|9 978-90-12-40126-5
|
| 035 |
|
|
|a (DE-627)1567316727
|
| 035 |
|
|
|a (DE-576)497316722
|
| 035 |
|
|
|a (DE-599)BSZ497316722
|
| 040 |
|
|
|a DE-627
|b ger
|c DE-627
|e rda
|
| 041 |
|
|
|a dut
|
| 044 |
|
|
|c XA-NL
|
| 100 |
1 |
|
|a Harte, Johanna Maria
|e VerfasserIn
|4 aut
|
| 245 |
1 |
0 |
|a Geweld tegen hulpverleners in de psychiatrie
|b aard, omvang en aangifte bij de politie
|c dr. J.M. Harte, I van Houwelingen, MSc, drs. M.E. van Leeuwen
|
| 264 |
|
1 |
|a Apeldoorn
|a Amsterdam
|b Politie & Wetenschap
|c [2017]
|
| 264 |
|
4 |
|c © 2017
|
| 300 |
|
|
|a 171 Seiten
|b Tabellen
|
| 336 |
|
|
|a Text
|b txt
|2 rdacontent
|
| 337 |
|
|
|a ohne Hilfsmittel zu benutzen
|b n
|2 rdamedia
|
| 338 |
|
|
|a Band
|b nc
|2 rdacarrier
|
| 490 |
1 |
|
|a Politiewetenschap
|v nr. 98
|
| 500 |
|
|
|a Auch als NUR ; 600,820 gezählt
|
| 700 |
1 |
|
|a Houwelingen, I. van
|e VerfasserIn
|0 (DE-627)1571023445
|0 (DE-576)501023445
|4 aut
|
| 700 |
1 |
|
|a Leeuwen, M. E. van
|e VerfasserIn
|0 (DE-627)1571024328
|0 (DE-576)501024328
|4 aut
|
| 830 |
|
0 |
|a Politiewetenschap
|v nr. 98
|9 98
|w (DE-627)1181391253
|w (DE-576)111391253
|7 am
|
| 856 |
4 |
2 |
|u https://swbplus.bsz-bw.de/bsz497316722inh.htm
|m B:DE-576;DE-Frei85
|q application/pdf
|v 20180329134140
|x Verlag
|3 Inhaltsverzeichnis
|7 1
|
| 935 |
|
|
|a mkri
|
| 951 |
|
|
|a BO
|
| ELC |
|
|
|b 1
|
| LOK |
|
|
|0 000 xxxxxcx a22 zn 4500
|
| LOK |
|
|
|0 001 2993088955
|
| LOK |
|
|
|0 003 DE-627
|
| LOK |
|
|
|0 004 1567316727
|
| LOK |
|
|
|0 005 20180313163416
|
| LOK |
|
|
|0 008 180118||||||||||||||||ger|||||||
|
| LOK |
|
|
|0 040
|a DE-Frei85
|c DE-627
|d DE-Frei85
|
| LOK |
|
|
|0 852
|a DE-Frei85
|
| LOK |
|
|
|0 852 1
|m p
|9 00
|
| LOK |
|
|
|0 938
|k p
|
| LOK |
|
|
|0 939
|a 18-01-18
|b l01
|
| ORI |
|
|
|a SA-MARC-krimdoka001.raw
|